[Event "Novgorod op"]
[Site "Novgorod"]
[Date "1999.03.20"]
[Round "2"]
[White "Dolmatov, Sergey"]
[Black "Dokuchaev, Aleksander"]
[Result "1-0"]
[WhiteElo "2589"]
[BlackElo "2443"]

1.e4 e6 2.d4 d5 3.Nc3 Nf6 4.e5 Nfd7 5.f4 c5 6.Nf3 a6 7.Ne2 Nc6 8.c3 b5 9.a3 Nb6
10.Ng3 h5 11.Bd3 h4 12.Ne2 Bd7 13.O-O g6 14.Ng5 Rc8 15.Rf3 cxd4 16.cxd4 Ne7
17.Rh3 Nc4 18.Qe1 Qa5 19.b4 Qb6 20.Rxh4 Rh6 21.Rxh6 Bxh6 22.Nf3 Nc6 23.h4 a5
24.h5 gxh5 25.Qh4 axb4 26.Qxh5 Bf8 27.axb4 Bxb4 28.f5 exf5 29.Qh8+ Bf8 30.Bh6 Ke7
31.Qf6+ Ke8 32.Bxf8 Kxf8 33.Bxc4 dxc4 34.Ng5  1-0

[Event "BL2-N9899"]
[Site "Germany"]
[Date "1999.03.21"]
[Round "8.8"]
[White "Reyer, Ulli"]
[Black "Kreuzholz, Michael"]
[Result "1/2-1/2"]
[WhiteElo "2130"]
[BlackElo "2235"]

1.e4 e6 2.d4 d5 3.Nc3 Nf6 4.e5 Nfd7 5.f4 c5 6.Nf3 Nc6 7.Be3 cxd4 8.Nxd4 Qb6
9.Qd2 Qxb2 10.Rb1 Qa3 11.Bb5 Nxd4 12.Bxd4 Bb4 13.O-O a6 14.Rb3 Qa5 15.Rfb1 Be7
16.Bxd7+ Bxd7 17.Rxb7 Rc8 18.Qd3 Bc5 19.Nb5 axb5 20.Bxc5 Qxa2 21.Rb3 Qa1+
22.Kf2 d4 23.Qxd4 Qxd4+ 24.Bxd4 Rxc2+ 25.Kg3 Rxg2+ 26.Kxg2 Bc6+  1/2-1/2

[Event "Rheinhessen-ch HT1 op"]
[Site "Woerrstadt"]
[Date "1999.03.28"]
[Round "3"]
[White "Merkel, Gregor"]
[Black "Daitche, Josef"]
[Result "1-0"]
[WhiteElo "1509"]
[BlackElo "1757"]

1.e4 e6 2.d4 d5 3.Nc3 Nf6 4.e5 Nfd7 5.f4 Be7 6.Nf3 O-O 7.Bd3 c5 8.Be3 Nc6
9.dxc5 Bxc5 10.Bxc5 Nxc5 11.Bxh7+ Kxh7 12.Ng5+ Kg6 13.Qg4 f5 14.Qg3 Qe8 15.Nxe6+ Kf7
16.Nxc5 Nb4 17.Qf2 Qc6 18.Nd3 Na6 19.O-O Be6 20.Rfd1 b6 21.Rd2 Rad8 22.Ne2 Bc8
23.Nd4 Qc4 24.c3 Nc7 25.Ne1 Rh8 26.Nef3 Ne6 27.Nxe6 Kxe6 28.Nd4+ Kf7 29.Qg3 Rh5
30.Qf3 Rh6 31.a3 Rdh8 32.h3 Rh4 33.Re1 Be6 34.Re3 Qa2 35.Nb5 a6 36.Nc7 Qc4
37.Nxd5 Rd8 38.Nxb6 Rxf4 39.Nxc4  1-0

[Event "Czerniak mem 15th"]
[Site "Tel Aviv"]
[Date "1999.03.29"]
[Round "2"]
[White "Lutz, Christopher"]
[Black "Zifroni, Dov"]
[Result "0-1"]
[WhiteElo "2610"]
[BlackElo "2501"]

1.e4 e6 2.d4 d5 3.Nc3 Nf6 4.e5 Nfd7 5.f4 c5 6.Nf3 Nc6 7.Be3 a6 8.Qd2 b5 9.dxc5 Bxc5
10.Bxc5 Nxc5 11.Qf2 Qb6 12.Bd3 b4 13.Ne2 a5 14.O-O Ba6 15.Kh1 Ne7 16.b3 h6
17.Rad1 Rc8 18.Ng3 g6 19.Ne2 Qb7 20.Nfd4 Ne4 21.Qh4 Qb6 22.Bxa6 Qxa6 23.g4 h5
24.f5 g5 25.Qh3 Rxc2 26.fxe6 fxe6 27.Nxc2 Qxe2 28.Qg2 hxg4 29.Qxe2 Ng3+ 30.Kg2 Nxe2
31.Nd4 Nf4+ 32.Kg1 Rh3 33.Rd2 Neg6 34.Re1 Kd7 35.Rc2 Nd3 36.Rf1 Ndxe5 37.Rf6 Nf4
38.Rf8 Rd3 39.Ne2 Nf3+ 40.Kf2 Nh3+  0-1

[Event "BEL-chT9899"]
[Site "Antwerp"]
[Date "1999.03.??"]
[Round "10"]
[White "Timmermans, Ivo"]
[Black "Groffen, Hans"]
[Result "1/2-1/2"]
[WhiteElo "2249"]
[BlackElo "2204"]

1.e4 e6 2.d4 d5 3.Nc3 Nf6 4.e5 Nfd7 5.f4 c5 6.Nf3 Nc6 7.Be3 a6 8.Qd2 b5 9.dxc5 Bxc5
10.Bxc5 Nxc5 11.Qf2 Qb6 12.Bd3 b4 13.Ne2 a5 14.O-O Ba6 15.Kh1 Bxd3 16.cxd3 Rb8
17.Rad1 Na4 18.Qxb6 Rxb6 19.Rd2 b3 20.axb3 Nc5 21.Ned4 Nxd4 22.Nxd4 Nxb3  1/2-1/2

[Event "ISR-chT"]
[Site "Israel"]
[Date "1999.04.02"]
[Round "6"]
[White "Deutsch, Eyal"]
[Black "Rapoport, Igor"]
[Result "0-1"]
[WhiteElo "2195"]
[BlackElo "2295"]

1.e4 e6 2.d4 d5 3.Nc3 Nf6 4.e5 Nfd7 5.f4 c5 6.Nf3 Nc6 7.Be3 a6 8.Qd2 b5 9.Ne2 Qa5
10.Qxa5 Nxa5 11.O-O-O Nc4 12.Bg1 g6 13.b3 Ncb6 14.dxc5 Bxc5 15.Ned4 Ba3+
16.Kb1 Nc5 17.Bxb5+ axb5 18.Nxb5 Ncd7 19.Nc7+ Kd8 20.Nxa8 Nxa8 21.Nd4 Ba6
22.c3 Bc5 23.a4 Nab6 24.Kc2 Kc7 25.Ra1 Ra8 26.b4 Bxd4 27.Bxd4 Bc4 28.a5 Nc8
29.a6 Na7 30.Rhb1 Nb5 31.Be3 Nb8 32.a7 Nc6 33.Ra4 Kb7 34.Rba1 d4 35.Bxd4 Nbxd4+
36.cxd4 Bb5 37.R4a3 Nxd4+ 38.Kd2 Nc6 39.Kc3 Kb6 40.Rd1 Nxa7 41.Rd6+ Bc6 42.Kb2 Rc8
43.Rd2 Nb5 44.Ra1 Bd5 45.Rc1 Ra8 46.Ra1 Rg8 47.Rf1 h6 48.g3 Na7 49.Kc3 Rd8
50.Ra1 Nb5+ 51.Kb2 Rf8 52.Rc2 Nd4 53.Rc3 g5 54.fxg5 hxg5 55.Rf1 Rh8 56.Rxf7 Rxh2+
57.Kb1 g4 58.Rg7 Ba2+ 59.Ka1 Nb3+ 60.Rxb3 Bxb3 61.Rxg4 Kb5 62.Kb1 Bc4  0-1

[Event "Dreifluesse op 7th"]
[Site "Passau"]
[Date "1999.04.02"]
[Round "2"]
[White "Hiermann, Dietmar"]
[Black "Borries, Barbara"]
[Result "1-0"]
[WhiteElo "2269"]
[BlackElo "1780"]

1.e4 e6 2.d4 d5 3.Nc3 Nf6 4.e5 Nfd7 5.f4 c5 6.Nf3 Nc6 7.Be3 a6 8.Qd2 Be7
9.O-O-O cxd4 10.Nxd4 Nxd4 11.Bxd4 f6 12.exf6 Bxf6 13.Qe3 Bxd4 14.Qxe6+  1-0

[Event "Dreifluesse op 7th"]
[Site "Passau"]
[Date "1999.04.02"]
[Round "2"]
[White "Breuer, Herbert"]
[Black "Stoffel, Matthias"]
[Result "0-1"]
[WhiteElo "1640"]
[BlackElo "1902"]

1.d4 Nf6 2.Nc3 d5 3.e4 e6 4.e5 Nfd7 5.Bd3 c5 6.Be3 Nc6 7.Nf3 cxd4 8.Bxd4 Nxd4
9.Nxd4 Nxe5 10.Be2 Bd7 11.O-O Rc8 12.f4 Nc4 13.Qe1 Bc5 14.Rd1 Ne3 15.Rd2 Bxd4
16.Rxd4 Nxc2 17.Qd2 Qb6 18.Qxc2 Qxd4+ 19.Kh1 O-O 20.Bd3 g6 21.h4 Qf6 22.g3 d4
23.Ne4 Bc6 24.Qe2 Qe7 25.Kh2 Bxe4 26.Bxe4 Rc7 27.Kh3 Rfc8 28.h5 Rc1 29.Rf2 Rg1
30.Rh2 Rcc1 31.hxg6 hxg6 32.Qb5 Rc5 33.Qe2 Rh5+ 34.Kg4 f5+ 35.Kf3 fxe4+ 36.Kxe4 Rxg3
37.Qf2 Re3+ 38.Kxd4 Qc5+  0-1

[Event "Baden Casino op"]
[Site "Baden"]
[Date "1999.04.03"]
[Round "3"]
[White "Pikula, Dejan"]
[Black "Roth, Peter"]
[Result "1/2-1/2"]
[WhiteElo "2454"]
[BlackElo "2252"]

1.e4 e6 2.d4 d5 3.Nc3 Nf6 4.e5 Ne4 5.Nce2 f6 6.f3 Ng5 7.h4 Nf7 8.f4 c5 9.c3 Nc6
10.Nf3 Bd7 11.g3 Qb6 12.Bh3 cxd4 13.cxd4 Bb4+ 14.Bd2 fxe5 15.fxe5 O-O 16.Bxb4 Qxb4+
17.Qd2 Nh6 18.Nf4 Nf5 19.Bxf5 Rxf5 20.Qxb4 Nxb4 21.Kd2 Raf8 22.Rac1 Nc6 23.Ke3 g6
24.Rhf1 Kg7 25.Ng5 Re8 26.g4 Rff8 27.Nd3 h6 28.Nh3 Rxf1 29.Rxf1 Rf8 30.Rc1 b6
31.Nhf4 Rc8 32.b4 Nd8 33.Rxc8 Bxc8 34.a4 Kf7 35.Kd2 Nc6 36.Kc3 a5 37.b5 Ne7
38.Ne1 Bd7 39.Nf3 Kg7 40.Kd3 Ng8 41.Ke3 Ne7 42.h5 g5 43.Nd3 Kf7 44.Nd2 Ke8
45.Nb3 Kd8 46.Kd2 Kc7 47.Kc3 Bc8 48.Ndc5 Ng8 49.Nd2 Ne7 50.Nf3 Ng8 51.Nd3 Kd8
52.Nf2 Ke7 53.Nh3 Bd7 54.Kd3 Kf7 55.Ke3 Ke7 56.Kd3 Be8 57.Nd2 Bf7 58.Ke2 Kf8
59.Ke3 Ne7 60.Nf3 Kg7 61.Nfxg5 hxg5 62.Nxg5 Kh6 63.Kf4 Kg7 64.Kg3 Kf8  1/2-1/2

[Event "Dreifluesse op 7th"]
[Site "Passau"]
[Date "1999.04.03"]
[Round "3"]
[White "Maether, Stephan"]
[Black "Iseni, Argient"]
[Result "1/2-1/2"]
[WhiteElo "1724"]
[BlackElo "1507"]

1.e4 e6 2.d4 d5 3.Nc3 Nf6 4.e5 Nfd7 5.Nf3 c5 6.Bb5 Nc6 7.Bxc6 bxc6 8.O-O Ba6
9.Re1 Be7 10.Be3 cxd4 11.Nxd4 c5 12.Nc6 Qc7 13.Nxe7 Kxe7 14.Bf4 d4 15.Nb1 Rab8
16.c3 Qb6 17.b3 Rhd8 18.cxd4 cxd4 19.Nd2 Nc5 20.Nc4 Bxc4 21.bxc4  1/2-1/2

[Event "Dreifluesse op 7th"]
[Site "Passau"]
[Date "1999.04.04"]
[Round "5"]
[White "Barthel, Ansgar"]
[Black "Wippich, Markus"]
[Result "1-0"]
[WhiteElo "2216"]
[BlackElo "1958"]

1.e4 e6 2.d4 d5 3.Nc3 Nf6 4.e5 Nfd7 5.f4 c5 6.Nf3 Nc6 7.Be3 Qb6 8.Na4 Qa5+
9.c3 c4 10.b4 Qc7 11.Be2 Be7 12.O-O b5 13.Nc5 Nxc5 14.bxc5 O-O 15.g4 Bd7
16.Qe1 Rab8 17.Bd2 Rb7 18.Bd1 Qb8 19.Rb1 a5 20.a3 Qa7 21.Bc2 f6 22.exf6 gxf6
23.Kh1 Rf7 24.g5 f5 25.Rb2 Qa6 26.Rg1 Kf8 27.Qh4 Bc8 28.Qh6+ Ke8 29.g6 hxg6
30.Qxg6 b4 31.Ba4 bxa3 32.Rxb7 Qxb7 33.Ne5 Bd7 34.Qxf7+ Kd8 35.Bxc6 Qb2 36.Bxd7 a2
37.Qe8+  1-0

[Event "Dreifluesse op 7th"]
[Site "Passau"]
[Date "1999.04.04"]
[Round "5"]
[White "Tatar Kis, Szabolcs"]
[Black "Thielen, Dankward"]
[Result "1-0"]
[WhiteElo "2389"]
[BlackElo "2140"]

1.e4 e6 2.d4 d5 3.Nc3 Nf6 4.e5 Nfd7 5.Nf3 c5 6.dxc5 Nc6 7.Bf4 Bxc5 8.Bd3 f6
9.exf6 Nxf6 10.O-O O-O 11.Qe2 a6 12.Ne5 Nxe5 13.Bxe5 Bd7 14.Rae1 Rc8 15.Kh1 Qe8
16.Nb1 Qh5 17.f3 Qf7 18.Nd2 Nh5 19.f4 Bb5 20.Bxb5 axb5 21.Nb3 Bb6 22.c3 Rc4
23.g3 Re4 24.Qg2 Rxe1 25.Rxe1 g5 26.Nd4 Bxd4 27.Bxd4 Nf6 28.Re5 Ne4 29.Qh3 gxf4
30.gxf4 Re8 31.f5 exf5 32.Qg2+ Kf8 33.Rxf5 Ng3+ 34.Qxg3 Re1+ 35.Qxe1 Qxf5
36.Qf2  1-0

[Event "Dreifluesse op 7th"]
[Site "Passau"]
[Date "1999.04.04"]
[Round "6"]
[White "Baumeister, Michael"]
[Black "Skopetz, Friedrich"]
[Result "1-0"]
[WhiteElo "1672"]
[BlackElo "1705"]

1.e4 e6 2.d4 d5 3.Nc3 Nf6 4.e5 Nfd7 5.f4 c5 6.Nf3 Nc6 7.Be3 cxd4 8.Nxd4 Bc5
9.Bb5 Nxd4 10.Bxd4 Qb6 11.Bxc5 Qxc5 12.Qd3 Qb4 13.O-O O-O 14.a3 Qc5+ 15.Kh1 a6
16.Bxd7 Bxd7 17.Rad1 Rac8 18.Rf3 Bb5 19.Nxb5 axb5 20.c3 Qc4 21.h3 Qxd3 22.Rdxd3 Rc4
23.Rd4 Rfc8 24.Rfd3 g6 25.g4 Kf8 26.Kg2 Ke7 27.Kf3 Kd7 28.f5 g5 29.f6 Rxd4
30.Rxd4 Rc4 31.Ke3 Kc6 32.Kd3 Ra4 33.Kc2 Kc5 34.b4+ Kc6 35.Kb3 Ra8 36.Rd1 Rh8
37.Rh1 h5 38.Rg1 h4 39.Ra1 Ra8 40.a4 bxa4+ 41.Rxa4 Rd8 42.Ra2 b5 43.Ra7 Rf8
44.Kc2 Kb6 45.Re7 Kc6 46.Kd3 Kb6 47.Kd4 Kc6 48.Ra7 Kb6 49.Rd7 Kc6 50.Rd6+ Kb7
51.Kc5 Rc8+ 52.Kxb5 Rxc3 53.Rd7+ Kc8 54.Rxf7 Rxh3 55.Kc6 Rc3+ 56.Kd6 d4 57.Rf8+ Kb7
58.f7 Rf3 59.Kxe6 h3 60.Rh8 d3 61.Rxh3  1-0

[Event "Budapest FS04 GM"]
[Site "Budapest"]
[Date "1999.04.05"]
[Round "3"]
[White "Salmensuu, Olli"]
[Black "Hoang Th Trang"]
[Result "1-0"]
[WhiteElo "2449"]
[BlackElo "2450"]

1.e4 e6 2.d4 d5 3.Nc3 Nf6 4.e5 Nfd7 5.f4 c5 6.Nf3 Nc6 7.Be3 cxd4 8.Nxd4 Bc5
9.Qd2 O-O 10.O-O-O a6 11.h4 Bxd4 12.Bxd4 b5 13.Rh3 b4 14.Na4 Qa5 15.b3 Bb7
16.Bb2 Rfc8 17.Rg3 Qc7 18.Bd3 a5 19.Kb1 Ba6 20.f5 Bxd3 21.Qh6 Bxc2+ 22.Ka1 Kf8
23.Qxg7+ Ke8 24.fxe6 Nf8 25.Rf1 Nxe6 26.Qg8+ Nf8 27.e6 Nd8 28.exf7+ Nxf7
29.Nb6 Be4 30.Bg7 Bg6 31.h5 Bxh5 32.Nxd5 Qb7 33.Nf6+  1-0

[Event "Dreifluesse op 7th"]
[Site "Passau"]
[Date "1999.04.05"]
[Round "7"]
[White "Bussjaeger, Johann"]
[Black "Wippich, Markus"]
[Result "1/2-1/2"]
[WhiteElo "1750"]
[BlackElo "1958"]

1.e4 e6 2.d4 d5 3.Nc3 Nf6 4.e5 Nfd7 5.f4 c5 6.Nf3 Nc6 7.Be3 Qb6 8.Na4 Qa5+
9.c3 cxd4 10.b4 Nxb4 11.cxb4 Bxb4+ 12.Bd2 Bxd2+ 13.Nxd2 g5 14.g3 gxf4 15.gxf4 Rg8
16.Kf2 b6 17.Rg1 Rxg1 18.Kxg1 Nc5 19.Rb1 Bd7 20.Nxc5 bxc5 21.Qg4 O-O-O 22.Qe2 Rg8+
23.Kf2 Kc7 24.Nb3 Qb6 25.Qa6 Qxa6 26.Bxa6 Rb8 27.Rc1 c4 28.Nxd4 Rb2+ 29.Kg3 Kb6
30.Bxc4 dxc4 31.Rxc4 Rxa2 32.Rb4+ Kc7 33.Nb5+ Bxb5 34.Rxb5 Ra6 35.h4 Rb6
36.Ra5 Kb7 37.Kg4 Rb4 38.h5 Kb6 39.Ra1 h6 40.Rd1 Kc7 41.Ra1 Rb7 42.Ra4 Kc6
43.Rc4+ Kd7 44.f5 a5 45.Rd4+ Ke8 46.Rd6 Rb4+ 47.Kg3 Ke7 48.f6+ Ke8 49.Ra6 Rb5
50.Ra8+ Kd7 51.Ra7+ Kc6 52.Kf4 Rb4+ 53.Kf3 Rh4 54.Rxa5 Rxh5 55.Ra7 Rxe5 56.Rxf7 Rf5+
57.Ke4 Kd6 58.Rf8 Rf1 59.f7 Ke7 60.Rh8 Rxf7 61.Rxh6 Kd6 62.Rh1 Ra7 63.Rb1 Ra4+
64.Ke3 Ke5 65.Rb3 Rh4 66.Ke2 Rh2+ 67.Ke1 Kf5 68.Ra3 e5 69.Kf1 Rb2 70.Ke1 Kf4
71.Kf1 e4 72.Ke1 Rb1+ 73.Ke2 Rh1 74.Rb3 Rh2+ 75.Ke1 e3 76.Rb8 Rh1+ 77.Ke2 Rh2+
78.Ke1 Rh4 79.Rf8+ Ke4 80.Re8+ Kd3 81.Rd8+ Rd4 82.Rxd4+ Kxd4 83.Ke2 Ke4 84.Ke1 Ke5
85.Ke2 Kd4 86.Ke1 Kd3 87.Kd1 Ke4 88.Ke2 Kf4 89.Ke1 Kf3 90.Kf1 Kg3 91.Ke2 Kf4  1/2-1/2

[Event "St Petersburg-ch"]
[Site "St Petersburg"]
[Date "1999.04.06"]
[Round "1"]
[White "Shaposhnikov, Evgeny"]
[Black "Shchukin, Dmitry"]
[Result "1-0"]
[WhiteElo "2474"]
[BlackElo "2394"]

1.e4 e6 2.d4 d5 3.Nc3 Nf6 4.e5 Nfd7 5.f4 c5 6.Nf3 Nc6 7.Be3 a6 8.Qd2 b5 9.Bd3 Qb6
10.Qf2 cxd4 11.Nxd4 Nxd4 12.Bxd4 Bc5 13.Ne2 b4 14.O-O a5 15.Rad1 Ba6 16.Bxa6 Rxa6
17.f5 O-O 18.f6 gxf6 19.exf6 Kh8 20.Kh1 Rg8 21.Qh4 Bxd4 22.Rxd4 e5 23.Rg4 Nxf6
24.Rxg8+ Nxg8 25.Ng3 Qg6 26.Qd8 d4 27.Qc7 Re6 28.Nf5 h5 29.Nh4 Qg7 30.Rf5 Qg4
31.Qxf7 Qxh4 32.Rxh5+ Rh6 33.Rxh4 Rxh4  1-0

[Event "Budapest FS04 GM"]
[Site "Budapest"]
[Date "1999.04.10"]
[Round "8"]
[White "Zontakh, Andrey"]
[Black "Salmensuu, Olli"]
[Result "1/2-1/2"]
[WhiteElo "2530"]
[BlackElo "2449"]

1.e4 e6 2.d4 d5 3.Nc3 Nf6 4.e5 Nfd7 5.f4 c5 6.Nf3 Nc6 7.Be3 Qb6 8.Na4 Qa5+
9.c3 b6 10.Bd2 c4 11.b4 Nxb4 12.cxb4 Bxb4 13.Kf2 Bxd2 14.Nxd2 b5 15.Nc5 Nxc5
16.dxc5 b4 17.Nf3 Bd7 18.Qd4 Rc8 19.Be2 Qxc5 20.Rab1 a5 21.Qxc5 Rxc5 22.a3 b3
23.Rhc1 Rc8 24.Ke3 Ke7 25.h4 f6 26.Nd4 h5 27.Rc3 a4 28.Kd2 fxe5 29.fxe5 g5
30.hxg5 Be8 31.Rf1 Bg6 32.Kc1 Bf5 33.Nxf5+ exf5 34.Rxf5 d4 35.Rxc4 Rxc4+
36.Bxc4 Rc8 37.Rf7+ Ke8 38.Rf4 Rxc4+ 39.Kb1 Ke7 40.g6 Rc6 41.Rxd4 Rxg6 42.Rxa4 Rxg2
43.Rh4 Rg5 44.Kb2 Rxe5 45.Kxb3 Kf6 46.a4 Kg5 47.Rh1 h4 48.Kb4 Kg4 49.a5 h3
50.a6 Re8 51.Kb5 Kg3 52.a7 h2 53.Kb6 Kg2 54.Rxh2+ Kxh2 55.Kb7 Kg3 56.a8=Q Rxa8
57.Kxa8  1/2-1/2

[Event "ISR-chT"]
[Site "Israel"]
[Date "1999.04.16"]
[Round "8"]
[White "Srumin, Galina"]
[Black "Kristol, Luba"]
[Result "0-1"]
[WhiteElo "2118"]
[BlackElo "2225"]

1.e4 e6 2.d4 d5 3.Nc3 Nf6 4.e5 Nfd7 5.Nf3 c5 6.dxc5 Bxc5 7.Bd3 Nc6 8.Bf4 a6
9.O-O b5 10.a3 Nb6 11.Re1 h6 12.Bg3 Bd7 13.Ne2 g5 14.h3 Nc4 15.Qc1 Be7 16.b3 N4a5
17.Nfd4 Nxd4 18.Nxd4 Qb6 19.Ne2 Rc8 20.Qd1 h5 21.Nc1 Nb7 22.b4 a5 23.Qd2 a4
24.Ne2 Nd8 25.Nc3 h4 26.Bh2 Rg8 27.Be2 Kf8 28.Rad1 Bc6 29.Qd3 Rb8 30.Bh5 Be8
31.Qh7 Rg7 32.Qh8+ Rg8 33.Qh6+ Rg7 34.Rd3 Kg8 35.Nxd5 exd5 36.e6 Nxe6 37.Bxb8 Qxb8
38.Rxe6 fxe6 39.Qxe6+ Kh7 40.Qf5+ Kh8 41.Bxe8 Qxe8 42.Rc3 Qg6 43.Qxd5 Rf7
44.Qxb5 Qf6 45.Rc8+ Kg7 46.Qe2 Qa1+ 47.Qf1 Qxa3 48.c3 Bf6 49.Qe1 Re7 50.Qd2 Qa1+
51.Kh2 Qf1  0-1

[Event "Guillermo Garcia mem-B"]
[Site "Santa Clara"]
[Date "1999.05.02"]
[Round "8"]
[White "Herrera, Irisberto"]
[Black "Hernando Rodrigo, Jose Maria"]
[Result "1/2-1/2"]
[WhiteElo "2450"]
[BlackElo "2363"]

1.e4 e6 2.d4 d5 3.Nc3 Nf6 4.e5 Nfd7 5.f4 c5 6.Nf3 Nc6 7.Be3 cxd4 8.Nxd4 Bc5
9.Qd2 Bxd4 10.Bxd4 Nxd4 11.Qxd4 Qb6 12.Qxb6 Nxb6 13.Nb5 Ke7 14.O-O-O Bd7
15.Nd4 Na4 16.Bd3 Nc5 17.Rhe1 h5 18.Re3 Rag8 19.h4 g6 20.Kd2 Rc8 21.Ree1 Na4
22.Rb1 Rc7 23.Rec1 Rhc8 24.c3 Be8 25.Rc2 Bd7 26.Rbc1 Be8 27.Be2 Bd7 28.b3 Nc5
29.Ke3 Bc6 30.c4 dxc4 31.Rxc4 Be8 32.R4c2 Kd8 33.Bb5 Nd7 34.Rxc7 Rxc7 35.Rxc7 Kxc7
36.g3 Kd8 37.Bxd7 Bxd7 38.Nf3 Bc6 39.Ng5 Ke7 40.Nh7 Bh1 41.Kd4 Bg2 42.Kc5 Kd7
43.b4 Ke7 44.Nf6 Bf3 45.a3 Bg2 46.a4 Bf3 47.a5 Bg2 48.g4 hxg4 49.Nxg4 Bf3
50.Ne3 f5 51.exf6+ Kxf6 52.Kd6 Be4 53.b5 Bd3 54.b6 axb6 55.axb6 Be4 56.Nf1 Bg2
57.Ne3 Be4 58.Kc7 Bf3 59.Nc2 e5 60.fxe5+ Kxe5 61.Ne3 Kf4 62.Nc4 Kg3 63.Ne5 Be4
64.Nxg6 Bxg6 65.Kxb7 Be4+ 66.Kc7 Kxh4  1/2-1/2

[Event "Sonsbeek SNS"]
[Site "Arnhem"]
[Date "1999.05.03"]
[Round "2"]
[White "Nijboer, Friso"]
[Black "Kortschnoj, Viktor"]
[Result "0-1"]
[WhiteElo "2515"]
[BlackElo "2673"]

1.e4 e6 2.d4 d5 3.Nc3 Nf6 4.e5 Nfd7 5.f4 c5 6.Nf3 Nc6 7.Be3 a6 8.Qd2 cxd4
9.Nxd4 Bc5 10.O-O-O O-O 11.h4 Nxd4 12.Bxd4 b5 13.Rh3 b4 14.Na4 Bxd4 15.Qxd4 a5
16.c4 bxc3 17.Rxc3 Qxh4 18.g3 Qd8 19.Kb1 Ba6 20.Bxa6 Rxa6 21.Rh1 Ra8 22.g4 Rb8
23.a3 Nb6 24.g5 Nxa4 25.Qxa4 Qb6 26.Qc2 g6 27.Rh6 Rb7 28.Qh2 Rfb8 29.Rc2 Qd4
30.Ka1 Rb3 31.Ka2 Qa4  0-1

[Event "Dubai op"]
[Site "Dubai"]
[Date "1999.05.04"]
[Round "4"]
[White "Yurtaev, Leonid"]
[Black "Sharif, Mershad"]
[Result "0-1"]
[WhiteElo "2528"]
[BlackElo "2475"]

1.e4 e6 2.d4 d5 3.Nc3 Nf6 4.e5 Nfd7 5.f4 c5 6.Nf3 Qb6 7.Ne2 cxd4 8.Nexd4 Nc6
9.c3 Nc5 10.Qc2 Nxd4 11.Nxd4 Bd7 12.Be3 Rc8 13.a4 a6 14.Be2 Be7 15.O-O O-O
16.Bf3 Qc7 17.Rfc1 b5 18.axb5 axb5 19.Qe2 Qb8 20.Ra5 Na4 21.Nxb5 Bd8 22.Ba7 Bb6+
23.Kh1 Bxa7 24.Nxa7 Rc4 25.f5 Qxb2 26.Qe3 Rxc3 27.Rxc3 Qxc3 28.Qxc3 Nxc3
29.Rc5 Ne4 30.Rc7 Rd8 31.g4 Nf2+ 32.Kg2 Nd3 33.f6 Nxe5 34.fxg7 Kxg7 35.Be2 Rb8
36.Kf2 Kf6 37.Rc2 d4 38.Rc5 d3 39.g5+ Kxg5 40.Bxd3 Kf4 41.Be2 Rb2 42.Nc6 Bxc6
43.h4 Nf3  0-1

[Event "NED-chT Playoff"]
[Site "Breda"]
[Date "1999.05.14"]
[Round "2"]
[White "Beulen, Marcel"]
[Black "Glek, Igor V"]
[Result "0-1"]
[WhiteElo "2316"]
[BlackElo "2566"]

1.e4 e6 2.d4 d5 3.Nc3 Nf6 4.e5 Nfd7 5.f4 c5 6.Nf3 Nc6 7.Be3 cxd4 8.Nxd4 Bc5
9.Qd2 O-O 10.O-O-O a6 11.h4 Nxd4 12.Bxd4 b5 13.Ne2 a5 14.Qe3 Qb6 15.Kb1 b4
16.g4 Ba6 17.Bxc5 Nxc5 18.Ng3 Na4 19.Qxb6 Nxb6 20.Bxa6 Rxa6 21.Rhf1 Nd7 22.g5 Re8
23.Rf3 Rc6 24.Rd2 a4 25.Rdf2 Nc5 26.Rd2 g6 27.h5 h6 28.hxg6 fxg6 29.gxh6 Kh7
30.a3 Rb6 31.Rd4 bxa3 32.Rxa3 Reb8 33.Ra2 Kxh6 34.Ne2 g5 35.fxg5+ Kxg5 36.Nc3 Rb4
37.Rxb4 Rxb4 38.Kc1 Kf5 39.Kd2 Kxe5 40.Ne2 Rb5 41.Ra1 Ne4+  0-1

[Event "VCN SchaakFestival"]
[Site "Soest"]
[Date "1999.05.15"]
[Round "3"]
[White "Van der Velde, Sytze"]
[Black "L'Ami, Erwin"]
[Result "0-1"]
[WhiteElo "1705"]
[BlackElo "2035"]

1.e4 e6 2.d4 d5 3.Nc3 Nf6 4.e5 Nfd7 5.f4 c5 6.Nf3 Nc6 7.Be3 Qb6 8.Na4 Qa5+
9.c3 cxd4 10.b4 Qc7 11.Nxd4 a6 12.Rc1 b5 13.Nb2 Nb6 14.Be2 Bb7 15.O-O Nc4
16.Nxc4 dxc4 17.Nxc6 Bxc6 18.Bf3 Rd8 19.Bd4 Bxf3 20.Qxf3 Bxb4 21.Qf2 Ba5
22.Kh1 g6 23.Qg3 Bb6 24.Bxb6 Qxb6 25.Rcd1 O-O 26.f5 exf5 27.Rd6 Qc5 28.h4 Rxd6
29.exd6 Qd5 30.h5 Rd8 31.h6 Qxd6 32.Qe3 Qd2 33.Re1 Qxe3 34.Rxe3 Kf8 35.Re5 Rd6
36.Rc5 Ke7 37.Rc8 g5 38.Rc7+ Kf6  0-1

[Event "BUL-ch"]
[Site "Plovdiv"]
[Date "1999.05.19"]
[Round "8"]
[White "Radulski, Julian"]
[Black "Vaklinov, Atanas"]
[Result "1-0"]
[WhiteElo "2410"]
[BlackElo "2154"]

1.e4 e6 2.d4 d5 3.Nc3 Nf6 4.e5 Nfd7 5.f4 c5 6.Nf3 Nc6 7.Be3 Qb6 8.Qd2 a6
9.O-O-O Qc7 10.h4 b5 11.Kb1 cxd4 12.Nxd4 Nxd4 13.Bxd4 Nc5 14.Bd3 Bb7 15.h5 Rc8
16.g4 Be7 17.f5 Ne4 18.Bxe4 dxe4 19.Rhe1 Bh4 20.Re2 O-O 21.f6 Rfd8 22.Rh2 Rxd4
23.Qxd4 Bg3 24.Rhd2 h6 25.Qa7 Ra8 26.Rd7 Qxd7 27.Qxa8+ Bxa8 28.Rxd7 Bd5 29.Rd8+ Kh7
30.Nxd5 exd5 31.e6 e3 32.exf7 e2 33.Rh8+  1-0

[Event "Kassel op"]
[Site "Kassel"]
[Date "1999.05.24"]
[Round "6"]
[White "Bruchmann, Stephan"]
[Black "Liedtke, Matthias"]
[Result "1/2-1/2"]
[WhiteElo "2200"]
[BlackElo "2286"]

1.e4 e6 2.d4 d5 3.Nc3 Nf6 4.e5 Nfd7 5.f4 c5 6.Nf3 Nc6 7.Be3 a6 8.Qd2 b5 9.dxc5 Bxc5
10.Bxc5 Nxc5 11.Qf2 Qb6 12.Bd3 b4 13.Ne2 a5 14.O-O Ba6 15.Kh1 Ne7 16.Ng3 Rb8
17.Bxa6 Nxa6 18.Nd4 g6 19.Nge2 Nc5 20.Qh4 Ne4 21.Rad1 Rc8 22.g4 Qb8 23.Ng3 Nxg3+
24.hxg3 h5 25.Qf6 Rh7 26.Kg2 hxg4 27.Rh1  1/2-1/2

[Event "CRO-Cup"]
[Site "Pula"]
[Date "1999.05.24"]
[Round "1"]
[White "Zivkovic, Vjekoslav"]
[Black "Josipovic, Perica"]
[Result "1-0"]
[WhiteElo "2275"]
[BlackElo "2190"]

1.e4 e6 2.d4 d5 3.Nc3 Nf6 4.e5 Ng8 5.f4 b6 6.Nf3 Be7 7.Be3 c6 8.g4 g6 9.Qd2 h5
10.gxh5 Rxh5 11.O-O-O Ba6 12.Ne2 Rh8 13.Ng5 Nd7 14.Ng3 Bxf1 15.Rdxf1 Nh6
16.h4 Nf5 17.Nxf5 gxf5 18.h5 Nf8 19.Qg2 Qd7 20.Rfg1 f6 21.Nf3 O-O-O 22.Qg7 Nh7
23.Bf2 Rde8 24.Bh4 a5 25.exf6 Bd6 26.Qxd7+ Kxd7 27.Rg7+ Kc8 28.Ne5 Bxe5 29.fxe5 Kb8
30.f7 Rc8 31.Be7 Kb7 32.Rxh7 Rxh7 33.f8=Q Rxf8 34.Bxf8 Rf7 35.Bh6  1-0

[Event "CRO-Cup"]
[Site "Pula"]
[Date "1999.05.27"]
[Round "4"]
[White "Cosic, Radoslav"]
[Black "Jurkovic, Ante"]
[Result "0-1"]
[WhiteElo "2150"]
[BlackElo "2309"]

1.e4 e6 2.d4 d5 3.Nc3 Nf6 4.e5 Nfd7 5.Nce2 c5 6.c3 Nc6 7.Nf3 Qb6 8.a3 cxd4
9.cxd4 f6 10.exf6 Nxf6 11.Nc3 Bd6 12.Bd3 O-O 13.O-O Bd7 14.Re1 Rae8 15.Bg5 Re7
16.b4 a6 17.Na4 Qc7 18.Nc5 Bc8 19.Rc1 Ref7 20.Nxe6 Bxe6 21.Rxe6 Ng4 22.Be3 Bxh2+
23.Kh1 Bf4 24.Rcxc6 bxc6 25.Ne5 Nxe5 26.Bxf4 Nxd3  0-1

[Event "Guillermo Garcia mem-B"]
[Site "Santa Clara"]
[Date "1999.05.28"]
[Round "5"]
[White "Abreu, Arian"]
[Black "Vilela, Jose Luis"]
[Result "0-1"]
[WhiteElo "2410"]
[BlackElo "2396"]

1.e4 e6 2.d4 d5 3.Nc3 Nf6 4.e5 Nfd7 5.f4 c5 6.Nf3 a6 7.Be3 Nc6 8.Qd2 b5 9.dxc5 Bxc5
10.Bxc5 Nxc5 11.Bd3 Qb6 12.Qf2 b4 13.Ne2 a5 14.O-O Ba6 15.Kh1 Ne7 16.Ng3 Na4
17.Nd4 Nxb2 18.f5 Nxd3 19.cxd3 exf5 20.Rad1 Rb8 21.Nh5 O-O 22.Qg3 Qg6 23.Qh3 Bc8
24.Nf4 Qb6 25.Nde2 a4 26.Ng3 Ng6 27.Ngh5 Nxf4 28.Rxf4 b3 29.axb3 axb3 30.Rh4 f4
31.Qf3 b2 32.Nf6+ gxf6 33.Qh5 Re8 34.e6 Qxe6 35.Qxh7+ Kf8 36.Qh6+ Ke7 37.Rxf4 b1=Q
38.Rff1 Qb4 39.Rc1 Bd7 40.d4 Rbc8  0-1

[Event "Pula op 13th"]
[Site "Pula"]
[Date "1999.06.03"]
[Round "5"]
[White "Ryznar, Vladimir"]
[Black "Furlan, Miha"]
[Result "0-1"]
[WhiteElo "2180"]
[BlackElo "2340"]

1.e4 e6 2.d4 d5 3.Nc3 Nf6 4.e5 Nfd7 5.f4 c5 6.Nf3 Nc6 7.Be3 a6 8.Ne2 Qb6
9.b3 cxd4 10.Nfxd4 Bc5 11.c3 Qc7 12.g3 O-O 13.Bg2 b5 14.Qd2 Bb7 15.O-O Rac8
16.Rac1 Ba3 17.Rc2 Nxd4 18.Nxd4 Be7 19.Rd1 Nc5 20.Qe2 Rfd8 21.Rdc1 Qb8 22.h3 Bf8
23.Kh2 Rd7 24.Bf2 Rcd8 25.h4 Ba8 26.Be1 Ne4 27.Qg4 Qa7 28.f5 exf5 29.Qxf5 Re7
30.Bxe4 dxe4 31.Bd2 Rde8 32.Bf4 g6 33.Qg4 Bg7 34.e6 fxe6 35.Bg5 Rf7 36.Nxe6 Qd7
37.Nxg7 Qxg4 38.Nxe8 Qf3 39.Re1 e3 40.Bxe3 Re7 41.Rf2 Rxe3  0-1

[Event "Pula op 13th"]
[Site "Pula"]
[Date "1999.06.08"]
[Round "9"]
[White "Zelcic, Robert"]
[Black "Dizdar, Goran"]
[Result "1/2-1/2"]
[WhiteElo "2554"]
[BlackElo "2563"]

1.e4 e6 2.d4 d5 3.Nc3 Nf6 4.e5 Nfd7 5.f4 c5 6.Nf3 Nc6 7.Be3 a6 8.Qd2 cxd4
9.Nxd4 Bc5 10.O-O-O O-O 11.h4 Nxd4 12.Bxd4 b5 13.Rh3 Bb7 14.h5 b4 15.Na4 Bxd4
16.Qxd4 Qa5 17.b3 Bc6 18.Nb2 Rfc8 19.Nd3 Bb5 20.Kb1 Qc7 21.Rc1 a5 22.f5 Bxd3
23.Bxd3 Qxe5 24.Qh4 exf5 25.Rf1 Re8 26.Rhf3 Qe7 27.Qg3 Qe5 28.Bb5 Qxg3 29.Rxg3 Rad8
30.Rxf5 Re1+ 31.Kb2 Nc5 32.Rgg5 Rd1 33.Be2 Rd2 34.Bf3 Ne6 35.Kc1 Nxg5 36.Kxd2 Nxf3+
37.Rxf3 f6 38.h6 Rd6 39.Re3 Rc6 40.Re8+ Kf7 41.Ra8 gxh6 42.Rxa5 Ke6 43.Ra4 Rb6
44.c3 Rb7 45.Ra8 Rg7 46.Re8+ Kd6 47.Re2 Kc5 48.Kc2 bxc3 49.Kxc3 Rg3+ 50.Kb2 h5
51.Rc2+ Kb4 52.Rf2 Rg4 53.Rd2 Kc5 54.Rc2+ Kb4 55.a3+ Kb5 56.Rd2 Rg5 57.g3 Rxg3
58.Rxd5+ Kc6 59.Rxh5 Rg2+ 60.Kc1 Rg1+ 61.Kd2 Rg2+  1/2-1/2